| 000 | 00377nam a22001337a 4500 | ||
|---|---|---|---|
| 008 | 140115b xxu||||| |||| 00| 0 eng d | ||
| 080 | _a347.777 | ||
| 100 | _aConsejo superior de colegios | ||
| 245 |
_aRegulamento de publicidad _cConsejo superior de colegios |
||
| 250 | _as/ed. | ||
| 300 |
_a22p _b _c _e _f _g |
||
| 650 |
_aPublicidade _xDireito Comercial |
||
| 942 |
_2udc _cBK |
||
| 999 |
_c27801 _d27801 |
||